000 00804nam a2200277 a 4500
001 000015559
003 000015559
005 20240404110027.0
008 100212s2009 dr 00 j spa d
020 _a9789945113556
040 _aBPMSU
_bspa
_cBPMSU
041 _6
_8
082 _aRD863.44
_bM647a 2009
_222
100 1 _aMiller, Jeannette,
_d1944-
245 1 0 _aA mí no me gustan los boleros /
_cJeannette Miller.
250 _a2a ed.
260 _aSanto Domingo :
_bGrupo Santillana,
_c2009.
300 _a100 p. ;
_c20 cm.
490 0 _aPunto de lectura,
_v332/1
500 _aIncluye datos biográficos de la autora.
590 _aInventariado, 2024/VM
650 4 _aCuentos dominicanos
650 4 _aLiteratura dominicana
910 _aVMateo V. Control de calidad BPMSU
942 _2ddc
_cBK
999 _c7099
_d7099